Datum a čas kvízu
16.5
Celkem bodů
Celkový počet nahraných bodů na tomto kvízu bez doplňovacích otázek.
6.
Pořadí na kvízu
Konečné umístění týmu na tomto kvízu.
Zaznamenané odpovědi
| # | Otázka | Odpověď | Body | Výsledky |
|---|---|---|---|---|
| 1. | Tým CNN Prima News bude posíle... | Markéta Fialová | 0 | |
| 2. | Česká komisařka Věra Jourová s... | hodnoty a transparentnost | 0 | |
| 3. | Kanadská spisovatelka Margaret... | Příběh služebnice | 0 | |
| 4. | V den svých 55. narozenin odeš... | Alibaba | 0 | |
| 5. | Kdeže jsou ty časy, kdy naši t... | Bosna a Hercegovina | 0 | |
| 6. | Když už jsme tu měli minulý tý... | serotonin | 0 | |
| 7. | Erós je řeckým bohem lásky. Ja... | Arés, Afrodita | 0.5 | |
| 8. | Příponu -filie mají různá slov... | Viktorie | 1 | |
| 9. | Láska je samozřejmě nevyčerpat... | 1C 2D 3B 4A | 0 | |
| 10. | Jak se jmenuje tato filmová po... | William Shakespeare | 0 |